000 00361nam a2200157Ia 4500
008 230524s9999 xx 000 0 und d
082 _bRUS
100 _aR.P.Rustagi
245 0 _aWorking Capital Management
250 _a2
260 _aNew Delhi
_bTaxman
_c2016
300 _a297p;
500 _aQuantity Number: 1
650 _aManagement
942 _cBK
999 _c57685
_d57685